000 00549nam a2200193 i 4500
001 97349
003 ES-MaACL
007 t|
008 050711s1975 sp ||||1| spa d
100 1 _aMarco, Eduardo.
_976460
245 1 0 _aTres deseos en el tiempo /
_cEduardo Marco.
260 _aMadrid :
_bGráf. Uguina,
_c1975.
300 _a62 p., 33 h. ;
_c22 cm.
490 1 _aColección Dulcinea ;
_v4
830 0 _aColección Dulcinea ;
_v4
_9187471
852 _aES-MaACL
_jE-9491
_bR.94069
942 _2udc
999 _c97349
_d97349